| 000 | 01102nam a2200325Ia 4500 | ||
|---|---|---|---|
| 001 | dia_6271 | ||
| 003 | CHAP | ||
| 005 | 20230522123450.0 | ||
| 007 | ta | ||
| 008 | 220601s1998 mx ado fr 001 0 spa d | ||
| 020 | _a84-486-0213-7 | ||
| 040 |
_amxchpua _cCHAP |
||
| 050 | 1 | 0 |
_aQD415 _b.M38 1998 |
| 082 | 0 | 0 |
_a574.192 _bM38 1998 _220 |
| 100 | 1 |
_aMathews, Christopher K. _973001 _eautor |
|
| 240 | 1 | 0 |
_aBiochemistry. _lEspañol |
| 245 | 1 | 0 |
_aBioquímica / _c Christopher K. Mathews y K. E. Van Holde ; traducción José Manuel González de Buitrago |
| 250 | _a2a edición | ||
| 264 |
_aMéxico : _bMcGraw{Hill Interamericana, _c1998 |
||
| 300 |
_axxix, 1283 páginas : _bilustraciones, gráficas, diagramas, tablas, fotos |
||
| 504 | _aIncluye bibliografías | ||
| 650 | 1 | 7 |
_aBioquímica _912849 |
| 650 | 1 | 3 |
_aBiochemistry _9150448 |
| 700 | 1 |
_aHolde, K. E. Van _955906 _eautor |
|
| 700 | 1 |
_aGonzález de Buitrago, José Manuel _9153547 _etraductor |
|
| 901 | _a574.192 M38 1998 | ||
| 902 | _aA | ||
| 905 | _a5232271998 sp admn8222223322spa16 | ||
| 942 |
_cLIBRO _2ddc |
||
| 999 |
_c209678 _d209678 |
||